Loga reprezentacji narodowej w piłce nożnej - Statystyki

Ogólne statystyki
  • Ten quiz został rozwiązany 61 razy
  • Średni wynik to 17 z 20
Statystyki odpowiedzi
Obrazkowy Odpowiedź % Poprawnych
Anglia
100%
Belgia
100%
Grecja
100%
Hiszpania
100%
Szwecja
100%
Turcja
100%
Włochy
100%
Niemcy
98%
Portugalia
98%
Rosja
96%
Brazylia
94%
Francja
94%
Holandia
85%
Peru
83%
Australia
79%
Stany Zjednoczone
77%
Urugwaj
64%
Ekwador
51%
Wietnam
28%
Republika Południowej Afryki
23%
Nie znaleziono quizów pasujących do podanych kryteriów
Rozkład punktacji
Procent ludzi z każdym wynikiem
Percentyl według liczby udzielonych odpowiedzi
Twoja historia wyników
Nie rozwiązałeś tego quizu